LEADER 01783nam 2200517Ia 450 001 9910700899103321 005 20111116103452.0 035 $a(CKB)5470000002412021 035 $a(OCoLC)761200444 035 $a(EXLCZ)995470000002412021 100 $a20111116d2011 ua 0 101 0 $aeng 135 $aurcn||||||||| 181 $ctxt$2rdacontent 182 $cc$2rdamedia 183 $acr$2rdacarrier 200 00$aEntry, descent and landing systems analysis$b[electronic resource] $eExploration Feed Forward internal peer review slide package /$fedited by Alicia M. Dwyer Cianciolo 210 1$aHampton, Va. :$cNational Aeronautics and Space Administration, Langley Research Center,$d[2011] 215 $a1 online resource (219 unnumbered pages) $ccolor illustrations 225 1 $aNASA/TM ;$v2011-217050 300 $aTitle from title screen (viewed on Nov. 16, 2011). 300 $a"February 2011." 320 $aIncludes bibliographical references (page 26). 517 $aEntry, descent and landing systems analysis 606 $aDescent$2nasat 606 $aLanding aids$2nasat 606 $aSystems analysis$2nasat 606 $aPayloads$2nasat 606 $aAerodynamic brakes$2nasat 606 $aInflatable structures$2nasat 606 $aAeroshells$2nasat 615 7$aDescent. 615 7$aLanding aids. 615 7$aSystems analysis. 615 7$aPayloads. 615 7$aAerodynamic brakes. 615 7$aInflatable structures. 615 7$aAeroshells. 701 $aDwyer Ciancolo$b Alicia M$01412129 712 02$aLangley Research Center. 801 0$bGPO 801 1$bGPO 906 $aBOOK 912 $a9910700899103321 996 $aEntry, descent and landing systems analysis$93504859 997 $aUNINA